000 00630nam a22002057a 4500
005 20251108165926.0
008 250721s2000 xx 000 0 ara d
082 1 4 _aط/219.2/حسن
100 1 _aشوقي، حسن
245 1 0 _aغزوة مؤته /
264 1 _aالقاهرة :
_bالمركز العربي الحديث،
_c2000.
300 _a31ص
490 0 _aمن غزوات الرسول
650 1 7 _aالسيرة النبوية
650 1 7 _aالغزوات الإسلامية
650 1 7 _aغزوة مؤته
653 _aاطفال مرحله متوسطه (6-9) سنوات
942 _2ddc
_cBK
999 _c34969
_d34969